Prevención e intervención ante problemas de conducta : estrategias para centros educativos y familias /
Guardado en:
| Autor Principal: | |
|---|---|
| Formato: | Libro |
| Publicado: |
Madrid :
Wolters Kluwer,
2010
|
| Edición: | 2a. ed. |
| Series: | Gestión
|
| Materias: | |
| Etiquetas: |
Agregar Etiqueta
Sin Etiquetas, Sea el primero en etiquetar este registro!
|
| LEADER | 01102nam a22002415a 4500 | ||
|---|---|---|---|
| 001 | CEM.cems013538 | ||
| 005 | 20110513123456.0 | ||
| 008 | 130507s2010##################000#0#####d | ||
| 003 | CEMS | ||
| 020 | |a 9788471979575 | ||
| 082 | 0 | 4 | |a 371.5 |
| 100 | 1 | |a Armas Castro, Manuel | |
| 245 | 1 | 0 | |a Prevención e intervención ante problemas de conducta : |b estrategias para centros educativos y familias / |c Manuel Armas Castro |
| 250 | |a 2a. ed. | ||
| 260 | |a Madrid : |b Wolters Kluwer, |c 2010 | ||
| 300 | |a 359 p. | ||
| 490 | 0 | |a Gestión | |
| 505 | 0 | |a Cap. 1: La mirada compleja de los problemas de conducta -- Cap. 2: Visión interdisciplinar de los problemas de conducta. Plan integral de mejora de la convivencia y prevención de la violencia -- Cap. 3: Problemas de conducta más frecuentes -- Cap. 4: Evaluación e intervención ecosistémica desde la escuela -- Cap. 5: Preguntas para el mago sin magia -- Cap. 6: Anexos | |
| 653 | |a Convivencia en la escuela | ||
| 653 | |a Disciplina escolar | ||
| 653 | |a Violencia | ||
| 653 | |a Conducta | ||
| 859 | |a CEMS |b BIB. CEMS - 11 de abril |h 371.5 |i Ar543a2 |p 26158.11 |t Ej.1 | ||
